00243nam a22000857a 4500020001900000100002100019245003500040260004400075300003800119 a 9780545859264 a Markle, Sandra, a What if you had animal ears!? a New York, b Scholastic, Inc.,c[2016] a 32 pages :b color illustrations